Высшая математика: учебное пособие
| Idioma: | rus |
|---|---|
| Publicat: |
Томск, Дельтаплан, 2007
|
| Format: | Llibre |
| KOHA link: | https://koha.lib.tpu.ru/cgi-bin/koha/opac-detail.pl?biblionumber=120773 |
MARC
| LEADER | 00000nam1a2200000 4500 | ||
|---|---|---|---|
| 001 | 120773 | ||
| 005 | 20250428160726.0 | ||
| 035 | |a (RuTPU)RU\TPU\book\130778 | ||
| 035 | |a RU\TPU\book\130770 | ||
| 090 | |a 120773 | ||
| 100 | |a 20070905d2007 m y0rusy50 ca | ||
| 101 | 0 | |a rus | |
| 102 | |a RU | ||
| 200 | 1 | |a Высшая математика |e учебное пособие |f Л. И. Терехина, И. И. Фикс | |
| 210 | |a Томск |c Дельтаплан |d 2007 | ||
| 801 | 1 | |a RU |b 63413507 |c 20040116 |g PSBO | |
| 801 | 2 | |a RU |b 63413507 |c 20121218 |g PSBO | |
| 850 | |a 63413507 | ||
| 942 | |c BK | ||